Selección y enseñanza de conductores / (Record no. 143042)

MARC details
000 -LEADER
campo de control de longitud fija 00801nam a2200217 4500
001 - NÚMERO DE CONTROL
campo de control 143042
003 - IDENTIFICADOR DE NÚMERO DE CONTROL
campo de control ES-MaACL
005 - FECHA Y HORA DE LA ÚLTIMA TRANSACCIÓN
campo de control 20230906200713.0
007 - CAMPO FIJO DE DESCRIPCIÓN FÍSICA--INFORMACIÓN GENERAL
campo de control de longitud fija t|
008 - DATOS DE LONGITUD FIJA--INFORMACIÓN GENERAL
campo de control de longitud fija 070214s1950 sp r ||||1| spa d
245 00 - MENCIÓN DEL TÍTULO
Título Selección y enseñanza de conductores /
Mención de responsabilidad, etc. Manuel Arias Paz... [et al.].
250 ## - MENCION DE EDICION
Mención de edición 2ª ed.
260 ## - PUBLICACIÓN, DISTRIBUCIÓN, ETC.
Lugar de publicación, distribución, etc. Madrid :
Nombre del editor, distribuidor, etc. Dossat,
Fecha de publicación, distribución, etc. 1950 (
Fabricante Sucesores de Rivadeneyra)
300 ## - DESCRIPCIÓN FÍSICA
Extensión 499 p., 1 lám. col. ;
Dimensiones 19 cm +
Material acompañante/anejo 1 gráf. pleg.
490 1# - MENCIÓN DE SERIE
Mención de serie Precede al tít.: Lo publica__ Escuela de Automovilismo del Ejército
700 1# - ENTRADA AGREGADA--NOMBRE PERSONAL
Nombre de persona Arias Paz, Manuel.
9 (RLIN) 198742
710 2# - ENTRADA AGREGADA--NOMBRE DE ENTIDAD CORPORATIVA
Nombre de entidad corporativa o nombre de jurisdicción como elemento de entrada Escuela de Automovilismo del Ejército.
9 (RLIN) 3530
830 0# - PUNTO DE ACCESO ADICIONAL DE SERIE-TÍTULO UNIFORME
Título uniforme Precede al tít.: Lo publica__ Escuela de Automovilismo del Ejército
9 (RLIN) 220528
852 ## - LOCALIZACIÓN
Ubicación ES-MaACL
Número de control de estantería D-9171
Sublocalización o colección R.33045
Holdings
Estatus retirado Estado de pérdida Estado de daño No para préstamo Biblioteca de origen Biblioteca actual Ubicación en estantería Fecha de adquisición Fuente de adquisición Total de préstamos Signatura topográfica completa Código de barras Visto por última vez Precio de reemplazo Tipo de ítem Koha
        Biblioteca del Ateneo de Madrid Biblioteca del Ateneo de Madrid Sala Valle Inclán 17/01/2008     D-9171 901148827 23/02/2023 23/02/2023 Libro impreso